United Kingdom (Record no. 81646)
[ view plain ]
| 000 -LEADER | |
|---|---|
| fixed length control field | 00849cad a22001935a 4500 |
| 001 - CONTROL NUMBER | |
| control field | E147834 |
| 008 - FIXED-LENGTH DATA ELEMENTS--GENERAL INFORMATION | |
| fixed length control field | 090623e20090615xxk f 000 0 eng d |
| 035 ## - SYSTEM CONTROL NUMBER | |
| System control number | (Sirsi) u147834 |
| 041 0# - LANGUAGE CODE | |
| Language code of text/sound track or separate title | eng |
| 100 1# - MAIN ENTRY--PERSONAL NAME | |
| Personal name | Wainwright, Jason |
| 245 00 - TITLE STATEMENT | |
| Title | United Kingdom |
| Remainder of title | pre-packs |
| Medium | [electronic resource] |
| 260 ## - PUBLICATION, DISTRIBUTION, ETC. | |
| Date of publication, distribution, etc. | 2009 |
| 520 ## - SUMMARY, ETC. | |
| Summary, etc. | Discusses pre-packs, which are agreements for the sale of an insolvent company's assets which are set up prior to the company entering the formal insolvency process. Examines what a pre-pack is, looks at recent examples, and outlines criticisms of the arrangement. |
| 590 ## - LOCAL NOTE (RLIN) | |
| Local note | KA |
| 651 #4 - SUBJECT ADDED ENTRY--GEOGRAPHIC NAME | |
| Geographic name | United Kingdom |
| Chronological subdivision | |
| 690 ## - LOCAL SUBJECT ADDED ENTRY--TOPICAL TERM (OCLC, RLIN) | |
| Topical term or geographic name as entry element | MANAGEMENT-CORPORATE RECOVERY |
| 856 40 - ELECTRONIC LOCATION AND ACCESS | |
| Uniform Resource Identifier | <a href="https://www.mondaq.com/article.asp?articleid=80948&rss=17">https://www.mondaq.com/article.asp?articleid=80948&rss=17</a> |
| Public note | View the article free of charge (requires registration) at www.mondaq.com... |
| 942 ## - ADDED ENTRY ELEMENTS (KOHA) | |
| Suppress in OPAC | 0 |
| Withdrawn status | Lost status | Source of classification or shelving scheme | Damaged status | Not for loan | Home library | Current library | Shelving location | Date acquired | Total Checkouts | Full call number | Barcode | Date last seen | Copy number | Price effective from | Koha item type |
|---|---|---|---|---|---|---|---|---|---|---|---|---|---|---|---|
| Dewey Decimal Classification | Virtual | Virtual | Online | 23/06/2009 | ONLINE PUBLICATION | 147834-2001 | 06/08/2019 | 1 | 06/08/2019 | Journal article |